header

Aromatase inhibitors (Record no. 163790)

MARC details
000 -LEADER
fixed length control field 02472nam a2200373 a 4500
082 04 - DEWEY DECIMAL CLASSIFICATION NUMBER
Classification number 616.99/449061
245 00 - TITLE STATEMENT
Title Aromatase inhibitors
260 ## - PUBLICATION, DISTRIBUTION, ETC. (IMPRINT)
Place of publication Hauppauge, N.Y. :
Name of publisher Nova Science Publishers,
Year of publication c2009.
300 ## - PHYSICAL DESCRIPTION
Number of Pages xii, 189 p. :
Other physical details ill.
490 1# - SERIES STATEMENT
Series statement Cancer etiology, diagnosis and treatments series
505 0# - FORMATTED CONTENTS NOTE
Formatted contents note Anti-estrogen agents : aromatase inhibitors; past, present, and future / Masanori Shimodaira and Tomohiro Nakayama -- Aromatase inhibitors : types, mode of action, and indications / Helena Aguilar and Ander Urruticoechea -- Aromatase inhibitors / Mosammat Rashida Begum, Maruf Siddiqui -- Upfront vs. sequential aromatase inhibitors : an ongoing or settled debate? / Tallal Younis ... [et al.] -- Aromatase expression in the endometrium and its role in the development of uterine pathology / Hugo Maia Jr ... [et al.] -- Aromatase inhibitors for the medical treatment of endometriosis / Kaei Nasu ... [et al.] -- An update of the use of aromatase inhibitors in the management of breast cancer / S. Tang, D.A.L. Morgan, and K.L. Cheung -- Aromatase inhibitors in ovulation induction : myth or reality? / Nikolaos P. Polyzos ... [et al.] -- The use of aromatase inhibitors in ovarian cancer and identification of responsive tumors / S.P. Langdon ... [et al.].
650 #0 - SUBJECT ADDED ENTRY--TOPICAL TERM
Topical Term Aromatase
Topical Term Estrogen
Topical Term Breast
Topical Term Ovaries
700 1# - ADDED ENTRY--PERSONAL NAME
Personal name Lamonte, Jean R.
856 40 - ELECTRONIC LOCATION AND ACCESS
Uniform Resource Identifier http://site.ebrary.com/lib/rucke/Doc?id=10674929

No items available.

© 2026 Rongo University
Contact us: librarian | system librarian | Rongo university